Library Banner

Theory and Application of Uniform Experimental Designs / (Record no. 118996)

MARC details
000 -LEADER
fixed length control field 00689cam a22002415i 4500
001 - CONTROL NUMBER
control field 21675373
005 - DATE AND TIME OF LATEST TRANSACTION
control field 20201026093329.0
008 - FIXED-LENGTH DATA ELEMENTS--GENERAL INFORMATION
fixed length control field 181001s2018 si |||| o |||| 0|eng
020 ## - INTERNATIONAL STANDARD BOOK NUMBER
International Standard Book Number 9789811320408
040 ## - CATALOGING SOURCE
Transcribing agency PK-LaUMT
082 04 - DEWEY DECIMAL CLASSIFICATION NUMBER
Classification number 519.57
Edition number 23
Item number THE-
245 10 - TITLE STATEMENT
Title Theory and Application of Uniform Experimental Designs /
Statement of responsibility, etc by Kai-Tai Fang . . . [et al.]
260 ## - PUBLICATION, DISTRIBUTION, ETC. (IMPRINT)
Place of publication, distribution, etc Beijing :
Name of publisher, distributor, etc Springer
Date of publication, distribution, etc 2018
300 ## - PHYSICAL DESCRIPTION
Extent 300 p.
490 1# - SERIES STATEMENT
Series statement Lecture Notes in Statistics,
Volume number/sequential designation 221
650 #0 - SUBJECT ADDED ENTRY--TOPICAL TERM
Topical term or geographic name as entry element Statistics.
650 14 - SUBJECT ADDED ENTRY--TOPICAL TERM
Topical term or geographic name as entry element Statistical Theory and Methods.
650 24 - SUBJECT ADDED ENTRY--TOPICAL TERM
Topical term or geographic name as entry element Applied Statistics.
700 1# - ADDED ENTRY--PERSONAL NAME
Personal name Liu, Min-Qian.
700 1# - ADDED ENTRY--PERSONAL NAME
Personal name Qin, Hong.
700 1# - ADDED ENTRY--PERSONAL NAME
Personal name Zhou, Yong-Dao.
942 ## - ADDED ENTRY ELEMENTS (KOHA)
Koha item type Books
Holdings
Withdrawn status Lost status Damaged status Home library Current library Date acquired Full call number Barcode Date last seen Price effective from Koha item type
      UMT Main Campus UMT Main Campus 2020-10-10 519.57 THE- 135345 2020-10-10 2020-10-10 Books